|
|
|
|
| LEADER |
00982cam a22002418i 4500 |
| 001 |
20604015 |
| 003 |
GR-PaULI |
| 005 |
20210117211022.0 |
| 008 |
180727s2019 enk 001 0 eng |
| 952 |
|
|
|0 0
|1 0
|2 ddc
|4 0
|6 907_200000000000000_WOO
|7 0
|9 237829
|a LISP
|b LISP
|c BSC
|d 2019-12-16
|i 141628
|l 0
|o 907.2 WOO
|p 025000265407
|r 2019-12-16 00:00:00
|t 1
|v 2019.00
|w 2019-12-16
|y BK15
|
| 999 |
|
|
|c 143760
|d 143760
|
| 010 |
|
|
|a 2018035148
|
| 020 |
|
|
|a 9781108426190
|
| 040 |
|
|
|a DLC
|b gre
|e AACR2
|c GR-PaULI
|
| 082 |
0 |
4 |
|a 907.2
|2 23
|
| 100 |
1 |
|
|a Woolf, D. R.
|q (Daniel R.),
|e συγγραφέας.
|9 179236
|
| 245 |
1 |
2 |
|a A concise history of history :
|b global historiography from antiquity to the present /
|c Daniel Woolf.
|
| 260 |
|
|
|a Cambridge :
|b Cambridge Univeristy Press,
|c 2019.
|
| 300 |
|
|
|a xviii, 342 σ. ;
|c 23 εκ.
|
| 500 |
|
|
|a Περιλαμβάνει ευρετήριο.
|
| 650 |
|
4 |
|a Ιστοριογραφία
|x Ιστορία.
|9 62907
|
| 942 |
|
|
|2 ddc
|c BK15
|
| 998 |
|
|
|c ΜΠΟΥΡΑΣ
|d 2019-12
|